Digital governance : Digital governance improving public service and participation

Saved in:
Bibliographic Details
Main Author: Milakovich, Michael E.
Format: Book
Language:English
Published: New York : Routledge, 2012
Subjects:
Tags: Add Tag
No Tags, Be the first to tag this record!

MARC

LEADER 00000nam a2200000 i 4500
001 1/65764
008 150203s2012 eng d
020 |a 978-0-415-89144-8 
035 |l 10120854 
040 |a GR-MY-UA  |b gre  |e aacr 
041 0 |a eng 
082 0 |a 352.3802854678  |2 (23) 
100 1 |a Milakovich, Michael E. 
245 1 0 |a Digital governance :  |b Digital governance improving public service and participation /  |c Michael E. Milakovich. 
260 |a New York :   |b Routledge,   |c 2012 
300 |a xx, 351 σ.;  |b εικ.;  |c 24 εκ. 
504 |a Περιλαμβάνει βιβλιογραφικές αναφορές και ευρετήριο. 
650 0 0 |a Internet in public administration. 
650 0 0 |a Electronic government information. 
650 0 0 |a Public administration  |x Technological innovations. 
650 0 0 |a Political participation  |x Technological innovations. 
650 0 0 |a Public administration  |x Citizen participation. 
852 |a INST  |b SAMOS  |e 20150203  |h 352.3802854678 MIL  |p 005300041545  |q 005300041545  |t BK  |y 0 
901 |a BIBL3-2015-1 
909 |a Σ  |b 189300 
922 |a 3ΕΛΗ  |b 201405  |c ΜΠΕΣ  |d BEST BOOK HUNTERS 
970 |a ΓΟΥΒΑΛΑ  |b ΒΑΣΩ  |z 2015/02/03